| 000 | 01158nam a2200253 a 4500 | ||
|---|---|---|---|
| 001 | 37994 | ||
| 003 | BD-RjUL | ||
| 005 | 20211209052713.0 | ||
| 008 | 160716s1964 bg ||||| |||| 001 0 ben d | ||
| 035 | _a(BD-RjUL)38099 | ||
| 040 |
_aBD-RjUL _bben _cBD-RjUL |
||
| 041 | _aben | ||
| 082 |
_a891.4409 _bHAB 1964 |
||
| 100 |
_aহাই, মুহাম্মদ আবদুল _9116992 |
||
| 245 |
_aবাংলা সাহিত্যের ইতিবৃত্ত : _b(আধুনিক যুগ) / _cমুহাম্মদ আবদুল হাই, সৈয়দ আলী আহসান |
||
| 250 | _a২য় সং. | ||
| 260 |
_aবাংলাবাজার, ঢাকা : _bষ্টুডেণ্ট ওয়েজ, _c১৯৬৪ |
||
| 300 |
_a[১২], ৪৪৭, পৃ. ; _c২২ সেমি. |
||
| 500 | _aনির্ঘণ্ট সংযুক্ত । | ||
| 650 |
_aবাংলা সাহিত্য _vইতিহাস ও সমালোচনা _9117446 |
||
| 650 |
_aBengali literature _vHistory and criticism _9117446 |
||
| 700 |
_aআহসান, সৈয়দ আলী _9117689 |
||
| 942 |
_2ddc _cBK _01 |
||
| 999 |
_c37994 _d37994 |
||